• 首页
  • 本馆介绍
  • 公告通知
  • 最新文献
  • 馆藏检索
  • 电子资源
  • 读者导购
  • 参考咨询
  • 我的图书馆
  • 登录
  • 详细信息显示
  • 放入我的书架
  • 预约/预借图书
  • 作者相关作品
  • 分类相关作品
  • 丛书相关作品
  • 出版社相关作品

书目信息

  • 表格格式
  • 工作单格式
  • 卡片格式
题名:
情绪、思绪与生活脱序
    
 
作者: 张典齐 著
分册:  
出版信息: 北京   华文出版社  2001
页数: 258页
开本: 20cm
丛书名: 心理在线系列丛书
单 册:
中图分类: R749.92 , B842
科图分类:
主题词: 心身疾病--精神疗法 , 心理过程 , 心理状态
电子资源:
ISBN: 7-5075-0787-4
000 01035nam2 2200301 450
001 1552190161
005 20150118143022.51
010    @a7-5075-0787-4@dCNY15.80
100    @a20010111d2001 em y0chiy0110 ea
101 0  @achi
102    @aCN@b110000
105    @ay z 000yd
200 1  @a情绪、思绪与生活脱序@9qing xu 、 si xu yu sheng huo tuo xu@e心理疾病面面观@f张典齐著
210    @a北京@c华文出版社@d2001
215    @a258页@d20cm
225 2  @a心理在线系列丛书
314    @a张典齐,台湾南投县人,台湾精神科医学会专科医师,台湾台安医院精神科主任,著有《情绪、思绪与生活脱序》。
330    @a本书主要内容包括世纪流行病,精神疾病的诊断与治疗、什么情况该求助于专家、心情的故事——情感精神病等。
461  0 @12001 @a心理在线系列丛书
517 1  @a心理疾病面面观@9xin li ji bing mian mian guan
606 0  @a心身疾病@x精神疗法
606 0  @a心理过程
606 0  @a心理状态
690    @aR749.92@v5
690    @aB842@v4
701  0 @a张典齐@9zhang dian qi@4著
801  0 @aCN@bTSSF@c20150118
905    @aZUCC@dB842@eJY123
    
    情绪、思绪与生活脱序:心理疾病面面观/张典齐著.-北京:华文出版社,2001
    258页;20cm.-(心理在线系列丛书)
    
    
    ISBN 7-5075-0787-4:CNY15.80
    本书主要内容包括世纪流行病,精神疾病的诊断与治疗、什么情况该求助于专家、心情的故事——情感精神病等。
●
相关链接 在E读中查询图书 在五车中查询图书 在当当中查询图书 在豆瓣中查询图书


正题名:情绪、思绪与生活脱序     索取号:B842/JY123         预约/预借

序号 登录号 条形码 馆藏地/架位号 状态 备注
1 7848854   278488548   学院路分馆/ [索取号:B842/JY123] 在馆    
唐山师范学院图书馆 欢迎您!
大连网信软件有限公司© 版权所有